000 00474nam a2200145Ia 4500
008 100122s9999 xx 000 0 und d
082 _b51498
_a923.254
100 _aकर्णिक मधु मंगेश
245 _aदूत पर्जन्याचा
260 _bनरेंद्र तिडके
_c1994
300 _a157
630 _aदूत पर्जन्याचा
730 _aदूत पर्जन्याचा
942 _cBOOK
999 _c428885
_d428882